000 00645nam a2200229Ia 4500
005 20260320202000.0
008 008 262003s9999 xx 000 0 eng d
037 _aEBOOK
040 _aCRL
040 _beng
040 _cCRL
041 _2eng
041 _aeng
084 _qCRL
100 _aFarion
_91136477
245 4 _aThe Ultimate Guide to Informed Wearable Technology: A hands-on approach for creating wearables from prototype to purpose using Arduino systems
260 _bIEEE
856 _uhttps://ieeexplore.ieee.org/servlet/opac?bknumber=10163311
942 _cEBOOK
999 _c1724641
_d1724641